<?xml version="1.0" encoding="UTF-8"?>
<collection xmlns="http://www.loc.gov/MARC21/slim">
 <record>
  <leader>00522pamaa2200157   4500</leader>
  <controlfield tag="001">0000008773</controlfield>
  <controlfield tag="005">20060815090000.0</controlfield>
  <datafield tag="020" ind1="0" ind2="0">
   <subfield code="a">0877222460 </subfield>
  </datafield>
  <datafield tag="082" ind1=" " ind2=" ">
   <subfield code="a">745.20973 MEI</subfield>
  </datafield>
  <datafield tag="090" ind1="0" ind2="0">
   <subfield code="a">TS23 </subfield>
   <subfield code="b">MEI 1979</subfield>
  </datafield>
  <datafield tag="100" ind1="1" ind2="0">
   <subfield code="a">MEIKLE </subfield>
  </datafield>
  <datafield tag="245" ind1="1" ind2="0">
   <subfield code="a">Twentieth century limited : </subfield>
   <subfield code="b">industrial design in America, 1925-1939  </subfield>
   <subfield code="c">Jeffrey L. Meikle.</subfield>
  </datafield>
  <datafield tag="260" ind1="0" ind2="0">
   <subfield code="a">Philadelphia: </subfield>
   <subfield code="b">Temple University Press, </subfield>
   <subfield code="c">1979.</subfield>
  </datafield>
  <datafield tag="300" ind1=" " ind2=" ">
   <subfield code="a">xiv, 249p.: </subfield>
   <subfield code="b">ill.; </subfield>
   <subfield code="c">26cm.</subfield>
  </datafield>
  <datafield tag="440" ind1="0" ind2="0">
   <subfield code="a">American civilization series</subfield>
  </datafield>
  <datafield tag="650" ind1="0" ind2="0">
   <subfield code="a">Design, Industrial -- </subfield>
   <subfield code="x">United States -- </subfield>
   <subfield code="x">History </subfield>
  </datafield>
 </record>
</collection>
